| 000 | 00718cab a2200241 4500 | ||
|---|---|---|---|
| 001 | WB3021-43 | ||
| 008 | 090401t xxu||||| |||| 00| 0 eng d | ||
| 035 | _a(Sirsi) u62154 | ||
| 041 | _aeng | ||
| 245 | _aDairy farms face rent rises | ||
| 350 | _a0 | ||
| 490 | _aFarmers' Weekly | ||
| 520 | _aDairy farms are facing enormous rent increases as landlords push for higher dues from their more profitable tenants. Strutt & Parker and Savills reviews. | ||
| 650 | _aARABLE FARMS | ||
| 650 | _aDAIRY FARMS | ||
| 650 | _aFARM RENTS | ||
| 650 | _aSAVILLS | ||
| 650 | _aSTRUTT AND PARKER | ||
| 690 | _aLANDLORD AND TENANT-AGRICULTURAL TENANCIES | ||
| 690 | _aRURAL PRACTICE | ||
| 942 | _n0 | ||
| 948 | _c04/03/1997 | ||
| 999 |
_c38610 _d38610 |
||